Discographie de Koba LaD - Statistiques

Statistiques générales
  • Ce quiz a été pris 62 fois
    56 depuis la dernière actualisation
  • Le résultat moyen est 29 sur 81
Statistiques - réponses
Hint Réponse % Correct
VII La C
100%
L'affranchi Cellophané
83%
VII Train de vie
83%
L'affranchi Marie
79%
L'affranchi RR 9.1
76%
VII Chambre 122
72%
L'affranchi Quotidien
72%
Cartel Doudou
66%
Détail Encore
66%
L'affranchi Matin
62%
Détail Omar
62%
VII Oyé
62%
Frères Ennemis Temps en temps
62%
Cartel Daddy chocolat
59%
Détail 7 sur 7
55%
VII Intro
52%
Frères Ennemis Aller sans retour
48%
Détail Helsinki
48%
Détail Pas de reine
48%
Frères Ennemis Amiri Jeans
45%
Détail Coffre Plein
45%
Frères Ennemis Frères ennemis
45%
Détail En gros
41%
VII Honey
41%
L'affranchi Koba du 7
41%
Frères Ennemis Synthèse
41%
Détail 5H55
38%
L'affranchi Four
38%
L'affranchi La détaille
38%
L'affranchi Mortel
38%
L'affranchi O.G
38%
VII ORgueilleux
38%
Frères Ennemis Parano
38%
VII Suge
38%
Détail Cité
34%
L'affranchi Guedro
34%
L'affranchi Quadrillé
34%
VII Seven Binks
34%
L'affranchi Amitiés gâchées
31%
Détail Dans l'avion
31%
Détail Laisse tomber
31%
VII Moments durs
31%
VII Recul
31%
Frères Ennemis Roulette russe
31%
Cartel TCPLT
31%
Cartel Tue ça
31%
Détail Bedodo
28%
Frères Ennemis Café
28%
VII Everyday
28%
Détail Feux éteints
28%
Frères Ennemis Mexicana
28%
Cartel M Power
28%
L'affranchi Quand j'étais petit
28%
VII Tout
28%
Cartel Batards
24%
L'affranchi Le magot
24%
L'affranchi Pour toi
24%
Cartel Shoot
24%
Frères Ennemis Tic-Tac
24%
L'affranchi C'est moi
21%
Frères Ennemis Dans la nuit
21%
L'affranchi Demain j'arrête
21%
Cartel Gros bonnets
21%
L'affranchi Mélange
21%
Détail Ohlolo
21%
Frères Ennemis Toujours là
21%
Détail Céramique
17%
Cartel Cramé
17%
Détail Déclic
17%
VII Rachète
17%
Frères Ennemis Un billet
17%
Frères Ennemis C'est non
14%
Détail Chambre d'hotel
14%
Frères Ennemis La Main dans le Sac
14%
Cartel Chercher l'or
10%
Cartel Mon bébé
10%
L'affranchi Pas comme les autres
10%
Cartel Traffic
10%
VII J'en veux
7%
Cartel Mission
7%
Cartel Kilos de beuh
3%
Aucun quiz correspondant
Distribution des résultats
% des personnes avec chaque résultat
Percentile par nombre de réponses
Votre historique - résultats
Vous n’avez pas pris ce quiz depuis la dernière actualisation